| 000 | 01144cad a22002295a 4500 | ||
|---|---|---|---|
| 001 | E152226 | ||
| 008 | 110214s2011 xxk f 000 0 eng d | ||
| 020 | _a9780755999705 | ||
| 035 | _a(Sirsi) u152226 | ||
| 041 | 0 | _aeng | |
| 110 | 2 |
_aScotland _bScottish Government _95344 |
|
| 245 | 0 | 0 |
_aConsultation document on amendments to the Scheme for Construction Contracts (Scotland) Regulations 1998 and the Construction Contracts (Scotland) Exclusion Order 1998 _h[electronic resource] |
| 260 |
_aEdinburgh _bScottish Government _c2011 |
||
| 520 | _aSeeks views on various proposed amendments to the Scheme for Construction Contracts (Scotland) Regulations 1998 and the Construction Contracts (Scotland) Exclusion Order 1998. Deadline for comments is 1 April 2011. | ||
| 590 | _aKA | ||
| 650 | 2 | 4 | _aSCHEME FOR CONSTRUCTION CONTRACTS (SCOTLAND) REGULATIONS 1998 |
| 650 | 2 | 4 | _aCONSTRUCTION CONTRACTS (SCOTLAND) EXCLUSION ORDER 1998 |
| 651 | 4 |
_aScotland _y1999- |
|
| 690 |
_aProcurement _96260 |
||
| 856 | 4 | 0 |
_uhttps://www.scotland.gov.uk/Publications/2011/02/07083135/0 _zView the consultation free of charge at www.scotland.gov.uk |
| 942 | _n0 | ||
| 999 |
_c111929 _d111929 |
||